Effective small business management / (Record no. 345348)
[ view plain ]
| 000 -LEADER | |
|---|---|
| fixed length control field | 01133 a2200217 4500 |
| 020 ## - INTERNATIONAL STANDARD BOOK NUMBER | |
| International Standard Book Number | 0133977048 |
| 020 ## - INTERNATIONAL STANDARD BOOK NUMBER | |
| International Standard Book Number | 9780133977042 |
| 082 04 - DEWEY DECIMAL CLASSIFICATION NUMBER | |
| Classification number | 658.022 |
| 090 ## - LOCALLY ASSIGNED LC-TYPE CALL NUMBER (OCLC); LOCAL CALL NUMBER (RLIN) | |
| -- | 2858 |
| -- | 2858 |
| 100 1# - MAIN ENTRY--PERSONAL NAME | |
| Personal name | Scarborough, Norman M. |
| 245 10 - TITLE STATEMENT | |
| Title | Effective small business management / |
| Statement of responsibility, etc. | Norman M. Scarborough. |
| 250 ## - EDITION STATEMENT | |
| Edition statement | 5 Sub ed. |
| 260 ## - PUBLICATION, DISTRIBUTION, ETC. | |
| Place of publication, distribution, etc. | [S.l.] : |
| Name of publisher, distributor, etc. | Prentice Hall, |
| Date of publication, distribution, etc. | 1995. |
| 300 ## - PHYSICAL DESCRIPTION | |
| Extent | 882 p. ; |
| Dimensions | 27 cm. |
| 500 ## - GENERAL NOTE | |
| General note | Hardcover. |
| 520 ## - SUMMARY, ETC. | |
| Summary, etc. | For courses in Small Business Management, Starting and Managing a Business, Entrepreneurship, Introduction to Business. This text offers comprehensive practical, hands-on advice for all areas of concern to the small business student - e.g., business plans, financing, location and layout, marketing, advertising and promotion, purchasing, inventory, crime, computers, human resource management, business law and government regulation. |
| 700 1# - ADDED ENTRY--PERSONAL NAME | |
| Personal name | Zimmerer, Thomas W. |
| 856 40 - ELECTRONIC LOCATION AND ACCESS | |
| Materials specified | Amazon.com |
| Uniform Resource Identifier | <a href="http://www.amazon.com/exec/obidos/ASIN/0133977048/chopaconline-20">http://www.amazon.com/exec/obidos/ASIN/0133977048/chopaconline-20</a> |
| 856 40 - ELECTRONIC LOCATION AND ACCESS | |
| Materials specified | Amazon customer reviews |
| Uniform Resource Identifier | <a href="http://www.chopac.org/cgi-bin/tools/azrev.pl?q=0133977048">http://www.chopac.org/cgi-bin/tools/azrev.pl?q=0133977048</a> |
| 942 ## - ADDED ENTRY ELEMENTS (KOHA) | |
| Institution code [OBSOLETE] | NBS |
| Koha item type | Book |
| Call number prefix | 658.022 SCA |
| Withdrawn status | Lost status | Damaged status | Not for loan | Permanent Location | Current Location | Date acquired | Total Checkouts | Full call number | Barcode | Date last seen | Price effective from | Koha item type |
|---|---|---|---|---|---|---|---|---|---|---|---|---|
| Central Library (CL) | Central Library (CL) | 08/28/2013 | 658.022 SCA | NBS4261 | 08/28/2013 | 08/28/2013 | Book |
